000 00501nam a22001457a 4500
082 _a620.1
100 _aKhan, Muhammad Shoaib Ahmed
245 _aModelling and Simulation of Solar Absorption Cooling System using TRNSYS /
_cMuhammad Shoaib Ahmed Khan
260 _aIslamabad :
_bCEME - NUST,
_c2016.
300 _a60 p. ;
_c30cm.
650 _aMechanical Engineering-MS-Thesis
_916090
700 _aDr.Tariq Talha
_931642
942 _2ddc
_cTHE
999 _c536476
_d536476